Mikroprozessoren und Mikrorechner Hardware und Software

Uložené v:
Podrobná bibliografia
Hlavný autor: Meiling, Wolfgang
Ďalší autori: Fülle, Ruprecht
Médium: Kniha
Jazyk:German
Vydavateľské údaje: Berlin Akademie 1988
Vydanie:1. Aufl.
Edícia:Informatik-Kybernetik-Rechentechnik Bd. 25
Tagy: Pridať tag
Žiadne tagy, Buďte prvý, kto otaguje tento záznam!

MARC

LEADER 00000nam a2200000 4500
001 c040642
005 20221219111154.2
041 0 |a ger 
044 |a DE 
245 1 0 |a Mikroprozessoren und Mikrorechner  |b Hardware und Software  |c Wolfgang Meiling, Ruprecht Fülle 
250 |a 1. Aufl. 
264 1 |a Berlin  |b Akademie  |c 1988 
300 |a 491 s. 
490 1 |a Informatik-Kybernetik-Rechentechnik  |v Bd. 25 
830 0 |a Informatik-Kybernetik-Rechentechnik  |v Bd. 25 
100 1 |a Meiling, Wolfgang 
700 1 |a Fülle, Ruprecht